| 000 | 00473 a2200193 4500 | ||
|---|---|---|---|
| 003 | Nust | ||
| 005 | 20230124085836.0 | ||
| 010 | _a 89077979 | ||
| 020 | _a155597130X : | ||
| 020 | _a1555971318 (pbk.) : | ||
| 040 | _cNust | ||
| 082 | 0 | 0 | _a811,KEN |
| 100 | 1 |
_aKenyon, Jane. _9107469 |
|
| 245 | 1 | 0 |
_aLet evening come : _bpoems / _cJane Kenyon. |
| 260 |
_aSaint Paul : _bGraywolf Press, _c1990. |
||
| 300 | _a70 p. ; 24 cm. | ||
| 650 |
_aPoems _91446 |
||
| 942 |
_2ddc _cBK |
||
| 999 |
_c186771 _d186771 |
||